00764 a2200193 4500008004100000020001800041040004800059041000800107100001900115245009900134260005600233300003200289504005300321650004700374650002500421650005400446651004900500700002100549130821s2012 enka gr eng  a9781849807685 aCO-BoUCMbspacAdriana LeóndHenry Ríos00aeng10aWood, Geoffrey00aHandbook of institutional approaches to international businesscGeoffrey Wood, Mehmet Demirbag aLondres (Inglaterra)bEdward Elgar Publishingc2012 axxi, 618 páginas,btablas aIncluye referencias bibliográficas e índices 7aEmpresas internacionalesxAdministración 7aGobierno corporativo 7aPlanificación económicazPaises en desarrollo 4aPaises en desarrolloxPolítica económica10aDemirbag, Mehmet